000 00483nam a2200181Ia 4500
005 20250326141746.0
008 250326s9999 xx 000 0 und d
037 _aTextbook
040 _aFMSL
_beng
_cFMSL
041 _aeng
_2eng
084 _qFMSL
100 _aMohanty P K
245 0 _aCollective bargaining in Steel Industry in India
_cMohanty P K
260 _aDelhi
_bDelhi, Discovery Pub. House
_c1988
300 _a340p
942 _cTB
999 _c1291829
_d1291829